| 000 | 00525nam a2200145Ia 4500 | ||
|---|---|---|---|
| 008 | 090122s9999 xx 000 0 und d | ||
| 082 |
_b7732 _aR : 65 |
||
| 100 |
_aदेशपांडे _bअनंत _cम |
||
| 245 | _aश्री ज्ञानेश्वरी खंड 1 | ||
| 600 | _aदेशपांडे | ||
| 630 | _aश्री ज्ञानेश्वरी खंड 1 | ||
| 700 | _aदेशपांडे | ||
| 730 | _aश्री ज्ञानेश्वरी खंड 1 | ||
| 942 | _cBOOK | ||
| 999 |
_c31809 _d31809 |
||